[Event "4NCL-9899A NWE-BA2"]
[Site "Rd6-Birmingham"]
[Date "1999.01.24"]
[Round "6.6"]
[White "Kenworthy, Gary"]
[Black "Tebb, David"]
[Result "1/2-1/2"]
[WhiteElo "2275"]
[BlackElo "2256"]
[PlyCount "25"]
[EventDate "1999.01.24"]

1. e4 c5 2. Nf3 d6 3. d4 cxd4 4. Nxd4 Nf6 5. Nc3 g6 6. f4 Nc6 7. Nf3 Bg4 8. Be3
Bg7 9. h3 Bxf3 10. Qxf3 O-O 11. Bd3 Nb4 12. O-O d5 13. Bc5 1/2-1/2

[Event "4NCL-9899A NWE-BA2"]
[Site "Rd6-Birmingham"]
[Date "1999.01.24"]
[Round "6.7"]
[White "Smith, Alan A"]
[Black "Twyble, Michael"]
[Result "1/2-1/2"]
[WhiteElo "2240"]
[BlackElo "2216"]
[PlyCount "36"]
[EventDate "1999.01.24"]

1. e4 e5 2. Nf3 Nc6 3. d4 exd4 4. Nxd4 Nf6 5. Nxc6 bxc6 6. Bd3 d5 7. Nd2 Be7 8.
O-O O-O 9. e5 Nd7 10. f4 f5 11. Nb3 Nc5 12. Be3 Ne6 13. Qf3 d4 14. Bf2 Rb8 15.
Bc4 c5 16. c3 Kh8 17. Rad1 Bb7 18. Qg3 Bd5 1/2-1/2

[Event "4NCL-9899A NWE-BA2"]
[Site "Rd6-Birmingham"]
[Date "1999.01.24"]
[Round "6.8"]
[White "Walker, Ellen"]
[Black "James, Dale"]
[Result "0-1"]
[WhiteElo "1696"]
[BlackElo "2225"]
[PlyCount "120"]
[EventDate "1999.01.24"]

1. e4 e5 2. Nf3 d6 3. Bc4 Bg4 4. d3 Be7 5. Be3 Nf6 6. Nc3 c6 7. h3 Bh5 8. d4
Nbd7 9. Be2 Qc7 10. Nd2 Bxe2 11. Qxe2 h6 12. Nf3 g5 13. O-O-O b5 14. dxe5 dxe5
15. Qd3 Rd8 16. Rhe1 O-O 17. h4 g4 18. Nh2 b4 19. Ne2 Nc5 20. Qc4 Ncxe4 21.
Bxh6 Rxd1+ 22. Rxd1 Rd8 23. Rxd8+ Qxd8 24. Be3 Qa5 25. Nxg4 Nxg4 26. Qxe4 Nxe3
27. Qxe3 Bxh4 28. Qf3 Bg5+ 29. Kb1 Qd8 30. Qd3 Qf6 31. Qf3 Qxf3 32. gxf3 Kg7
33. Ng3 Kg6 34. c3 bxc3 35. bxc3 Bd2 36. Kc2 Be1 37. Ne4 f5 38. Nd6 Bxf2 39.
Nc4 Kf6 40. Na5 c5 41. Kd3 Ke6 42. c4 Kd6 43. Nb3 Bd4 44. Nd2 Bf2 45. Nb3 Bg3
46. Ke3 Bf4+ 47. Kd3 Bg5 48. Na5 Kc7 49. Nb3 Kb6 50. a3 a6 51. a4 Bf4 52. a5+
Kc6 53. Nd2 Bxd2 54. Kxd2 Kd6 55. Kd3 Ke6 56. Ke3 Kf6 57. Kd3 Kg5 58. Ke3 Kh4
59. Ke2 Kg3 60. Ke3 Kg2 0-1

[Event "4NCL-9899A SL-WG"]
[Site "Rd6-Birmingham"]
[Date "1999.01.24"]
[Round "6.2"]
[White "Emms, John"]
[Black "Lalic, Bogdan"]
[Result "1/2-1/2"]
[WhiteElo "2585"]
[BlackElo "2560"]
[PlyCount "57"]
[EventDate "1999.01.24"]

1. e4 c5 2. Nf3 Nf6 3. e5 Nd5 4. c3 d6 5. d4 cxd4 6. cxd4 Nc6 7. Bc4 e6 8. O-O
Be7 9. exd6 Qxd6 10. Nc3 O-O 11. Qe2 a6 12. Rd1 b5 13. Bxd5 exd5 14. Ne5 b4 15.
Nxc6 Qxc6 16. Nxd5 Qxd5 17. Qxe7 Bb7 18. Qg5 f5 19. Bf4 Rf6 20. f3 Rg6 21. Qh5
Rg4 22. Bg3 Rxd4 {(Draw offer)} 23. Re1 Qf7 24. Qxf7+ Kxf7 25. Re5 Rd5 26. Rc1
Rxe5 27. Bxe5 Rc8 28. Rxc8 Bxc8 29. Kf2 1/2-1/2

[Event "4NCL-9899A SL-WG"]
[Site "Rd6-Birmingham"]
[Date "1999.01.24"]
[Round "6.3"]
[White "Hebden, Mark"]
[Black "Littlewood, Paul"]
[Result "1/2-1/2"]
[WhiteElo "2556"]
[BlackElo "2430"]
[PlyCount "111"]
[EventDate "1999.01.24"]

1. d4 d5 2. c4 e6 3. Nf3 Nf6 4. Bg5 Be7 5. Nc3 O-O 6. e3 h6 7. Bh4 b6 8. Bd3
Bb7 9. O-O c5 10. Qe2 cxd4 11. exd4 Nc6 12. Rad1 Nb4 13. Bb1 dxc4 14. Ne5 b5
15. Rfe1 Nfd5 16. Bg3 Nxc3 17. bxc3 Nd5 18. Qc2 f5 19. Ng6 Rf6 20. Nxe7+ Qxe7
21. f3 Rg6 22. Rc1 Qa3 23. Qd2 a5 24. Re5 Kf7 25. Qe1 Rf6 26. h4 g5 27. h5 Rc8
28. Re2 f4 29. Bf2 b4 30. Bg6+ Ke7 31. Be4 Rc7 32. cxb4 axb4 33. Qd1 Nc3 34.
Rxc3 Qxc3 35. d5 e5 36. Qa4 Qa3 37. Qb5 Qa6 38. Qxb4+ Qd6 39. Qc3 Kf8 40. Rb2
Kg7 41. Rb6 Qe7 42. Rb5 Ba6 43. Rb1 Bc8 44. Re1 Ra6 45. Bb1 Ra3 46. Qd2 c3 47.
Qd3 c2 48. Qg6+ Kf8 49. d6 Qg7 50. Bxc2 Qxg6 51. Bxg6 Rc4 52. Rxe5 Rxa2 53. Bc5
Bd7 54. Re8+ Kg7 55. Re7+ Kf6 56. Rf7+ 1/2-1/2

[Event "4NCL-9899A SL-WG"]
[Site "Rd6-Birmingham"]
[Date "1999.01.24"]
[Round "6.5"]
[White "Kosten, Anthony"]
[Black "Levitt, Jon"]
[Result "1/2-1/2"]
[WhiteElo "2502"]
[BlackElo "2427"]
[PlyCount "40"]
[EventDate "1999.01.24"]

1. c4 f5 2. g3 Nf6 3. Bg2 e5 4. Nc3 d6 5. d3 Nc6 6. e4 fxe4 7. dxe4 Nd4 8. Nge2
c5 9. O-O Be7 10. f4 O-O 11. h3 Bd7 12. g4 Bc6 13. g5 Nh5 14. Nxd4 cxd4 15.
Qxh5 dxc3 16. bxc3 exf4 17. Bxf4 Qb6+ 18. Kh1 Qc5 19. Qd1 Qxc4 20. Qb3 Qxb3
1/2-1/2

[Event "4NCL-9899A SL-WG"]
[Site "Rd6-Birmingham"]
[Date "1999.01.24"]
[Round "6.6"]
[White "Pein, Malcolm"]
[Black "McNab, Colin"]
[Result "1/2-1/2"]
[WhiteElo "2425"]
[BlackElo "2455"]
[PlyCount "80"]
[EventDate "1999.01.24"]

1. d4 d6 2. e4 g6 3. Be3 Bg7 4. Nc3 c6 5. f4 Qb6 6. Rb1 Nf6 7. Nf3 O-O 8. Qd2
a5 9. Bd3 Na6 10. a3 Bg4 11. Nh4 Bd7 12. Nf3 Bg4 13. Qf2 Bxf3 14. Qxf3 Nd7 15.
Ne2 c5 16. d5 e6 17. O-O exd5 18. exd5 Rae8 19. c4 Qd8 20. Bd2 f5 21. Nc3 Nc7
22. Rfe1 Nf6 {(Draw offer)} 23. h3 Rxe1+ 24. Rxe1 Re8 25. Rxe8+ Qxe8 26. g4
fxg4 27. hxg4 b6 28. g5 Nd7 29. Qe4 Qxe4 30. Bxe4 Kf7 31. Na4 Ne8 32. Bg2 Bd4+
33. Kf1 Ng7 34. Bh3 Nf5 35. Ke2 Ke7 36. Kd3 Kd8 37. Ke4 Ng3+ 38. Kd3 Nf5 39.
Ke4 Ng3+ 40. Kd3 Nf5 1/2-1/2

[Event "4NCL-9899A SL-WG"]
[Site "Rd6-Birmingham"]
[Date "1999.01.24"]
[Round "6.7"]
[White "Turner, Matthew"]
[Black "Sowray, Peter"]
[Result "1-0"]
[WhiteElo "2475"]
[BlackElo "2336"]
[PlyCount "67"]
[EventDate "1999.01.24"]

1. e4 g6 2. Nc3 Bg7 3. g3 d6 4. Bg2 Nf6 5. d3 O-O 6. Nf3 c5 7. O-O Bg4 8. h3
Bxf3 9. Qxf3 Nc6 10. Be3 Rb8 11. Qd1 Nd7 12. Qd2 b5 13. Bh6 b4 14. Bxg7 Kxg7
15. Nd5 e5 16. f4 f6 17. h4 Nb6 18. Ne3 Rb7 19. Rae1 Nd4 20. Rf2 Rbf7 21. h5
Qd7 22. Kh2 a5 23. Ref1 Qe8 24. Bh3 Qb5 25. c3 Nc6 26. Be6 Re7 27. Bd5 Nxd5 28.
Nxd5 Ref7 29. Kg2 bxc3 30. bxc3 exf4 31. Nxf4 Rb8 32. hxg6 hxg6 33. Ne6+ Kg8
34. Qh6 1-0

[Event "4NCL-9899A SL-WG"]
[Site "Rd6-Birmingham"]
[Date "1999.01.24"]
[Round "6.8"]
[White "Jackson, Sheila"]
[Black "Lalic, Susan"]
[Result "1/2-1/2"]
[WhiteElo "2168"]
[BlackElo "2350"]
[PlyCount "119"]
[EventDate "1999.01.24"]

1. e4 c6 2. d4 d5 3. Nd2 dxe4 4. Nxe4 Bf5 5. Ng3 Bg6 6. h4 h6 7. Nf3 Nf6 8. h5
Bh7 9. Bd3 Bxd3 10. Qxd3 e6 11. Bd2 Be7 12. O-O-O O-O 13. Ne4 c5 14. Nxf6+ Bxf6
15. Bc3 cxd4 16. Bxd4 Bxd4 17. Qxd4 Qa5 18. Kb1 Nc6 19. Qe4 Nb4 20. a3 Nd5 21.
c4 Nf6 22. Qe5 Qa4 23. Rd4 Rac8 24. Rc1 b6 25. g4 Rc5 26. Qe3 Rfc8 27. b4 e5
28. Nxe5 Rxe5 29. Qxe5 Qb3+ 30. Ka1 Qxa3+ 31. Kb1 Qxb4+ 32. Ka1 Re8 33. Qd6
Qa4+ 34. Kb1 Nh7 35. Rd2 Ng5 36. Qd3 Ne6 37. Ra2 Qb4+ 38. Rb2 Qc5 39. Qd5 Qc7
40. f3 Nc5 41. Rd1 Qf4 42. Qc6 Rf8 43. Rc2 Qe3 44. Qd5 Re8 45. Qd4 Qb3+ 46. Rb2
{(Draw offer)} Qxf3 47. Rf2 Qb3+ 48. Rb2 Qg3 49. Rg1 Qf3 50. Rf2 Qb3+ 51. Rb2
Qh3 52. Qd6 Ne4 53. Qd7 Nc3+ 54. Ka1 Re5 55. Rd2 Ra5+ 56. Kb2 Ra2+ 57. Kb3 Rxd2
58. Qc8+ Kh7 59. Qf5+ Kh8 60. Qc8+ 1/2-1/2

[Event "4NCL-9899A WES-RIC"]
[Site "Rd6-Birmingham"]
[Date "1999.01.24"]
[Round "6.1"]
[White "Webb, Richard"]
[Black "Bates, Richard"]
[Result "1/2-1/2"]
[WhiteElo "2311"]
[BlackElo "2373"]
[PlyCount "57"]
[EventDate "1999.01.24"]

1. e4 c5 2. Nf3 d6 3. d3 Nc6 4. g3 g6 5. Bg2 Bg7 6. O-O e5 7. c3 Nge7 8. a3 O-O
9. b4 h6 10. Nbd2 Be6 11. Bb2 Qd7 12. Nb3 b6 13. b5 Nd8 14. c4 Rc8 15. Nfd2 f5
16. exf5 gxf5 17. f4 Ng6 18. Qh5 Bf7 19. Qh3 exf4 20. Bxg7 Kxg7 21. gxf4 Ne6
22. Qxf5 Be8 23. Qg4 Nexf4 24. Qxd7+ Bxd7 25. Be4 Nh3+ 26. Kh1 Nf2+ 27. Kg1
Nh3+ 28. Kh1 Nf2+ 29. Kg1 1/2-1/2

[Event "4NCL-9899A WES-RIC"]
[Site "Rd6-Birmingham"]
[Date "1999.01.24"]
[Round "6.2"]
[White "Wall, Gavin"]
[Black "Rossiter, Philip"]
[Result "1-0"]
[WhiteElo "2369"]
[BlackElo "2368"]
[PlyCount "81"]
[EventDate "1999.01.24"]

1. e4 c5 2. Nf3 e6 3. b3 d6 4. Bb2 Nf6 5. e5 dxe5 6. Nxe5 Be7 7. Bd3 O-O 8. O-O
Bd7 9. Nc3 Nc6 10. f4 Nb4 11. Be4 Qc7 12. a3 Nbd5 13. Qf3 Nxc3 14. Bxc3 Nxe4
15. Qxe4 Rac8 16. Rae1 Bc6 17. Nxc6 Qxc6 18. f5 Qxe4 19. Rxe4 Rfe8 20. fxe6
fxe6 21. Rfe1 Kf7 22. Rxe6 c4 23. Kf1 cxb3 24. cxb3 Bxa3 25. Rxe8 Rxe8 26. Rxe8
Kxe8 27. Bxg7 Bd6 28. Kf2 Kd7 29. h4 b5 30. Bc3 Kc6 31. g4 Kd5 32. g5 b4 33.
Bg7 Ke4 34. h5 Bf4 35. g6 hxg6 36. h6 Bxh6 37. Bxh6 Kd3 38. Kf3 a5 39. Bg5 Kc2
40. d4 a4 41. d5 1-0

[Event "4NCL-9899A WES-RIC"]
[Site "Rd6-Birmingham"]
[Date "1999.01.24"]
[Round "6.3"]
[White "Corkett, Anthony"]
[Black "Williams, Simon"]
[Result "1/2-1/2"]
[WhiteElo "2255"]
[BlackElo "2371"]
[PlyCount "111"]
[EventDate "1999.01.24"]

1. e4 e6 2. d3 c5 3. Nf3 Nc6 4. g3 g6 5. Bg2 Bg7 6. O-O Nge7 7. c3 e5 8. Be3 d6
9. Nh4 O-O 10. f4 exf4 11. gxf4 f5 12. Nf3 Kh8 13. Na3 Rb8 14. Qe1 b5 15. Rd1
Be6 16. e5 Bxa2 17. exd6 Qxd6 18. d4 c4 19. d5 Na5 20. Bxa7 Rbe8 21. Ne5 g5 22.
Bd4 Nb3 23. Nxb5 Qb8 24. d6 Qxb5 25. dxe7 Rxe7 26. Ng6+ hxg6 27. Qxe7 Nxd4 28.
Rxd4 Bxd4+ 29. cxd4 Qe8 30. Qxg5 Qe3+ 31. Kh1 Kg7 32. d5 Rf6 33. Qh4 Qd2 34.
Qf2 Qxf2 35. Rxf2 Rb6 36. Kg1 Kf6 37. Re2 Bb1 38. Kf2 Bd3 39. Re6+ Rxe6 40.
dxe6 Kxe6 41. Ke3 g5 42. fxg5 Ke5 43. h4 f4+ 44. Kf2 Bg6 45. Bh3 Bh5 46. Bd7
Ke4 47. Be6 Kd4 48. Bg8 c3 49. bxc3+ Kxc3 50. Bd5 Kd4 51. Bf3 Be8 52. Ke2 Ke5
53. Kd3 Bf7 54. h5 Be8 55. g6 Kf6 56. Ke4 1/2-1/2

[Event "4NCL-9899A WES-RIC"]
[Site "Rd6-Birmingham"]
[Date "1999.01.24"]
[Round "6.4"]
[White "Phillips, Roy"]
[Black "Neil, David"]
[Result "1-0"]
[WhiteElo "2245"]
[BlackElo "2260"]
[PlyCount "81"]
[EventDate "1999.01.24"]

1. e4 Nf6 2. e5 Nd5 3. d4 d6 4. Nf3 dxe5 5. Nxe5 g6 6. Bc4 Be6 7. O-O Bg7 8. c3
c6 9. Re1 Nc7 10. Qb3 Bxc4 11. Nxc4 b6 12. Bf4 O-O 13. Ne5 Nd5 14. Bg3 Nf6 15.
Nd2 Nh5 16. Ndf3 Nxg3 17. hxg3 Qd5 18. c4 Qd6 19. c5 Qc7 20. Nxf7 Rxf7 21. Ng5
e5 22. dxe5 Na6 23. Nxf7 Qxf7 24. e6 Qe7 25. cxb6 Nc5 26. Qa3 Bxb2 27. Qxb2 Nd3
28. Qc3 Nxe1 29. Qxc6 Rf8 30. Rxe1 Qb4 31. Qe4 Qxe4 32. Rxe4 axb6 33. f4 Ra8
34. e7 Kf7 35. e8=Q+ Rxe8 36. Rxe8 Kxe8 37. Kf2 Ke7 38. g4 Kd6 39. Ke3 Kd5 40.
g5 b5 41. Kd3 1-0

[Event "4NCL-9899A WES-RIC"]
[Site "Rd6-Birmingham"]
[Date "1999.01.24"]
[Round "6.5"]
[White "Simons, Martin"]
[Black "Johnstone, Paul"]
[Result "1/2-1/2"]
[WhiteElo "2233"]
[BlackElo "2300"]
[PlyCount "64"]
[EventDate "1999.01.24"]

1. e4 c5 2. d3 e6 3. g3 d5 4. Nd2 Nc6 5. Bg2 g6 6. Ngf3 Bg7 7. O-O Nge7 8. exd5
exd5 9. d4 cxd4 10. Nb3 Bg4 11. h3 Bxf3 12. Qxf3 O-O 13. Bg5 Qd6 14. Rad1 Rad8
15. Rfe1 Rfe8 16. h4 h6 17. Bf4 Qf6 18. Qd3 g5 19. hxg5 hxg5 20. Bd2 Ne5 21.
Qxd4 Nf3+ 22. Bxf3 Qxf3 23. Qe3 Qxe3 24. Bxe3 Bxb2 {(Draw offer)} 25. Bxg5 f6
26. Be3 Nc6 27. Bc1 Rxe1+ 28. Rxe1 Bxc1 29. Nxc1 Kf7 30. Nd3 Nd4 31. Rb1 {
(Draw offer)} b6 32. Nf4 Rd7 1/2-1/2

[Event "4NCL-9899A WES-RIC"]
[Site "Rd6-Birmingham"]
[Date "1999.01.24"]
[Round "6.6"]
[White "Von Schlippe, Nick"]
[Black "Upton, Ian"]
[Result "1-0"]
[WhiteElo "2224"]
[BlackElo "2225"]
[PlyCount "47"]
[EventDate "1999.01.24"]

1. e4 e6 2. d3 d5 3. Nd2 Nf6 4. Ngf3 Nc6 5. e5 Nd7 6. d4 f6 7. exf6 Qxf6 8. Bd3
Bd6 9. O-O O-O 10. c4 Nxd4 11. Nxd4 Qxd4 12. Nf3 Qf6 13. Qc2 h6 14. Re1 c6 15.
Be3 e5 16. cxd5 cxd5 17. Rad1 d4 18. Bc4+ Kh8 19. Bxd4 exd4 20. Re6 Bxh2+ 21.
Kxh2 Qf4+ 22. Kg1 Nb6 23. Rxd4 Qc7 24. Ne5 1-0

[Event "4NCL-9899A WES-RIC"]
[Site "Rd6-Birmingham"]
[Date "1999.01.24"]
[Round "6.7"]
[White "Yeo, Michael"]
[Black "Allicock, Rawle"]
[Result "0-1"]
[WhiteElo "2205"]
[BlackElo "2232"]
[PlyCount "80"]
[EventDate "1999.01.24"]

1. e4 c5 2. Nf3 Nc6 3. d4 cxd4 4. Nxd4 g6 5. Nc3 Bg7 6. Be3 Nf6 7. Nxc6 bxc6 8.
e5 Ng8 9. Bd4 Qa5 10. Bc4 Bxe5 11. O-O Nh6 12. Re1 Bxd4 13. Qxd4 O-O 14. Qf4
Nf5 15. g4 Ng7 16. Rxe7 d5 17. Re5 Qb4 18. Rxd5 Ne6 19. Qh6 Qxc4 20. Rd3 Qxg4+
21. Rg3 Qf4 22. Qh3 Ng7 23. Qg2 Nh5 24. Qxc6 Be6 25. Re3 Rac8 26. Qa6 Qg5+ 27.
Kh1 Bd5+ 28. Nxd5 Qxd5+ 29. Kg1 Nf4 30. Qf1 Rxc2 31. Rd1 Qg5+ 32. Kh1 Rxb2 33.
Ra3 Qh5 34. Rb1 Rxa2 35. Rxa2 Qf3+ 36. Kg1 Nh3+ 37. Qxh3 Qxh3 38. Rxa7 Qg4+ 39.
Kf1 Rd8 40. Rab7 Rd2 0-1

[Event "4NCL-9899A WES-RIC"]
[Site "Rd6-Birmingham"]
[Date "1999.01.24"]
[Round "6.8"]
[White "Wilson, Alexandra"]
[Black "Howard, Emily"]
[Result "0-1"]
[WhiteElo "1392"]
[BlackElo "2047"]
[PlyCount "112"]
[EventDate "1999.01.24"]

1. e4 c6 2. d4 d5 3. exd5 cxd5 4. Bd3 Nc6 5. c3 Nf6 6. Bf4 Bg4 7. Qb3 Qc8 8.
Nd2 e6 9. Ngf3 Be7 10. O-O O-O 11. Ne5 Bh5 12. Rae1 Nd7 13. Ndf3 Bd6 14. Nxc6
Qxc6 15. Bxd6 Qxd6 16. Ne5 Nxe5 17. Rxe5 Bg6 18. Bxg6 hxg6 19. Rfe1 a6 20. Qc2
b5 21. a3 Rfc8 22. h4 a5 23. h5 gxh5 24. Rxh5 g6 25. Rh3 Kg7 26. Qe2 b4 27. Ra1
bxc3 28. Rxc3 Rxc3 29. bxc3 Rc8 30. Qb5 Rxc3 31. Qxa5 Rd3 32. Qa4 Qf4 33. Rd1
Rc3 34. Qb4 Rc2 35. Qe1 Ra2 36. Ra1 Rd2 37. Qe5+ Qxe5 38. dxe5 Re2 39. f4 g5
40. g3 gxf4 41. gxf4 Re4 42. Rf1 Re3 43. Ra1 Rf3 44. a4 Rxf4 45. a5 Rb4 46. a6
Rb8 47. a7 Ra8 48. Kf2 Kf8 49. Ke3 Ke7 50. Kd4 Kd7 51. Kc5 Kc7 52. Ra6 Kb7 53.
Rd6 Rxa7 54. Rc6 Ra6 55. Rd6 Rxd6 56. exd6 Kc8 0-1

[Event "4NCL-9899A BIG-BR"]
[Site "Rd7-Birmingham"]
[Date "1999.03.20"]
[Round "7.4"]
[White "Beaumont, Chris"]
[Black "Webster, Andrew"]
[Result "1-0"]
[WhiteElo "2298"]
[BlackElo "2430"]
[PlyCount "80"]
[EventDate "1999.03.20"]

1. Nf3 g6 2. d4 Bg7 3. c4 d6 4. Nc3 Bg4 5. e3 Nc6 6. Be2 e5 7. d5 Nce7 8. e4
Bh6 9. Nd2 Bd7 10. b4 a5 11. bxa5 c5 12. dxc6 bxc6 13. Nb3 Be6 14. Bxh6 Nxh6
15. Qd2 Nhg8 16. Rd1 Nc8 17. O-O Nf6 18. f4 Qe7 19. fxe5 dxe5 20. Qh6 Rg8 21.
Kh1 Ra7 22. Qe3 h5 23. Qc5 Qxc5 24. Nxc5 Ke7 25. a6 Nb6 26. Nxe6 Kxe6 27. c5
Nbd7 28. Rd6+ Ke7 29. Rxc6 Rd8 30. Bc4 Ke8 31. Nb5 Raa8 32. Nc7+ Ke7 33. Nxa8
Rxa8 34. h3 g5 35. Rc7 Kd8 36. Rb7 Nxe4 37. Rxf7 Nexc5 38. Bb5 e4 39. Rbxd7+
Nxd7 40. Rxd7+ Kc8 1-0

[Event "4NCL-9899A BIG-BR"]
[Site "Rd7-Birmingham"]
[Date "1999.03.20"]
[Round "7.5"]
[White "Kelly, Brian"]
[Black "Cobb, Charles"]
[Result "1-0"]
[WhiteElo "2423"]
[BlackElo "2275"]
[PlyCount "91"]
[EventDate "1999.03.20"]

1. Nf3 d5 2. d4 e6 3. c4 c6 4. Nc3 dxc4 5. e3 b5 6. a4 Bb4 7. Bd2 a5 8. axb5
Bxc3 9. Bxc3 cxb5 10. b3 Bb7 11. bxc4 b4 12. Bb2 Nf6 13. Bd3 Nbd7 14. O-O O-O
15. Qc2 Bxf3 16. gxf3 Qc7 17. f4 Nb6 18. c5 Nbd5 19. Qd1 g6 20. Bc2 Nd7 21. Qd2
f5 22. f3 N7f6 23. Kh1 Nh5 24. Qe2 Rfb8 25. Bb3 Qc6 26. Ra4 Ra7 27. Kg1 Kf7 28.
Rfa1 Qc7 29. Qd3 Nhf6 30. Bc4 Rba8 31. Qb3 h6 32. Re1 Rg8 33. e4 Nxf4 34. Kh1
fxe4 35. fxe4 Re8 36. Raa1 g5 37. Bb5 Rb8 38. Ba4 Ra6 39. Qc4 Ra7 40. d5 exd5
41. exd5 Qb7 42. c6 Qa6 43. Qxa6 Rxa6 44. d6 N6d5 45. c7 Rf8 46. Be8+ 1-0

[Event "4NCL-9899A BIG-BR"]
[Site "Rd7-Birmingham"]
[Date "1999.03.20"]
[Round "7.6"]
[White "Moskovic, David"]
[Black "Arkell, Keith"]
[Result "1/2-1/2"]
[WhiteElo "2248"]
[BlackElo "2438"]
[PlyCount "66"]
[EventDate "1999.03.20"]

1. e4 c6 2. d4 d5 3. e5 c5 4. dxc5 Nc6 5. Bb5 e6 6. Be3 Nge7 7. c3 Bd7 8. Bxc6
Nxc6 9. f4 g5 10. fxg5 h6 11. g6 fxg6 12. Nf3 Qc7 13. Bd4 g5 14. O-O Bg7 15.
Na3 a6 16. Re1 O-O-O 17. Qe2 Rhf8 18. b4 Rf4 19. b5 Nxd4 20. cxd4 axb5 21. Nxb5
Bxb5 22. Qxb5 g4 23. Nd2 Rxd4 24. Nb3 Rc4 25. Rac1 Qc6 26. Qa5 Rxc1 27. Rxc1
Bxe5 28. Qe1 Qc7 29. c6 b6 30. Qe2 Re8 31. Kh1 h5 32. Re1 Rf8 33. g3 Qf7
1/2-1/2

[Event "4NCL-9899A BIG-BR"]
[Site "Rd7-Birmingham"]
[Date "1999.03.20"]
[Round "7.7"]
[White "Ferguson, Mark"]
[Black "Collier, David"]
[Result "1/2-1/2"]
[WhiteElo "2377"]
[BlackElo "2245"]
[PlyCount "88"]
[EventDate "1999.03.20"]

1. e4 c5 2. Nf3 d6 3. Bc4 e6 4. O-O a6 5. Re1 Nc6 6. c3 b5 7. Bf1 g6 8. d4 cxd4
9. cxd4 Bg7 10. d5 Ne5 11. Nxe5 dxe5 12. a4 b4 13. a5 exd5 14. exd5 Ne7 15. d6
Nf5 16. Qd5 Be6 17. Qc6+ Bd7 18. Qc5 O-O 19. Qxb4 Nd4 20. Na3 Rb8 21. Qc4 Nb3
22. Rb1 Bf5 23. Bd3 Nxa5 24. Qxa6 Rb6 25. Qxa5 Bxd3 26. Bg5 Qxd6 27. Be7 Qxe7
28. Qxb6 Bxb1 29. Rxb1 e4 30. Nc4 Rd8 31. Qc6 Bd4 32. b4 e3 33. fxe3 Bxe3+ 34.
Nxe3 Qxe3+ 35. Kh1 Qd3 36. Qc1 Rb8 37. Qe1 h5 38. h3 Rb5 39. Rd1 Qf5 40. Rd8+
Kg7 41. Re8 Qf6 42. Re3 Rf5 43. Kg1 Qb6 44. Kh1 Qf6 1/2-1/2

[Event "4NCL-9899A BIG-BR"]
[Site "Rd7-Birmingham"]
[Date "1999.03.20"]
[Round "7.8"]
[White "Buckley, Melanie"]
[Black "Regan, Natasha"]
[Result "1-0"]
[WhiteElo "2055"]
[BlackElo "2151"]
[PlyCount "103"]
[EventDate "1999.03.20"]

1. e4 Nf6 2. Nc3 d5 3. e5 Ne4 4. Nce2 d4 5. c3 Nc6 6. Nf3 Bg4 7. Nexd4 Nxe5 8.
Qe2 Qd5 9. Nb5 O-O-O 10. c4 Qe6 11. d4 Ng6 12. d5 Qf5 13. Nbd4 Nf4 14. Nxf5
Nxe2 15. Ne3 Nxc1 16. Nxg4 e6 17. Rxc1 Bb4+ 18. Ke2 exd5 19. cxd5 Rhe8 20. Ne3
f5 21. a3 Ba5 22. Nd4 f4 23. Ne6 fxe3 24. Nxd8 Nxf2 25. Nxb7 Kxb7 26. Rg1 Bd2
27. Rc2 Ne4 28. Rc4 Nf6 29. g3 Nxd5 30. Bg2 c6 31. Rf1 Re7 32. Bxd5 cxd5 33.
Rc5 Rd7 34. Rf5 d4 35. Rcd5 Rc7 36. Rc5 Rd7 37. Kd3 Re7 38. Rce5 Rd7 39. Rd5
Re7 40. Rfe5 Rf7 41. Rxd4 Bc1 42. Re6 Rc7 43. Rb4+ Kc8 44. Rc4 Bxb2 45. Re8+
Kd7 46. Re7+ Kxe7 47. Rxc7+ Kf6 48. Rxa7 Bc1 49. a4 h5 50. a5 g5 51. a6 Ba3 52.
Rc7 1-0

[Event "4NCL-9899A HH-BCM"]
[Site "Rd7-Birmingham"]
[Date "1999.03.20"]
[Round "7.1"]
[White "Hennigan, Michael"]
[Black "Chandler, Murray"]
[Result "1-0"]
[WhiteElo "2430"]
[BlackElo "2520"]
[PlyCount "75"]
[EventDate "1999.03.20"]

1. g3 d5 2. Bg2 Nf6 3. d3 e5 4. Nf3 Nc6 5. O-O Be7 6. c4 dxc4 7. dxc4 Qxd1 8.
Rxd1 Be6 9. b3 O-O 10. Bb2 Nd7 11. Nc3 f6 12. Nd5 Bd6 13. Ne1 Rfd8 14. Nc2 a5
15. Ba3 Rac8 16. Bxd6 cxd6 17. Na3 Bg4 18. Rd2 Nc5 19. Nb5 Kf8 20. Rad1 Be6 21.
Ndc3 a4 22. Nxd6 axb3 23. Nxc8 Rxc8 24. Bd5 Nd4 25. e3 Nc6 26. Bxe6 Nxe6 27.
axb3 Nc5 28. Rb1 f5 29. b4 Ne6 30. c5 e4 31. Rd5 g6 32. h4 Ke7 33. Rd6 Ne5 34.
Nd5+ Kf7 35. Ra1 g5 36. Ra7 Rb8 37. c6 Nf3+ 38. Kg2 1-0

[Event "4NCL-9899A HH-BCM"]
[Site "Rd7-Birmingham"]
[Date "1999.03.20"]
[Round "7.2"]
[White "Mestel, Jonathan"]
[Black "Black, Richard"]
[Result "1-0"]
[WhiteElo "2485"]
[BlackElo "2240"]
[PlyCount "65"]
[EventDate "1999.03.20"]

1. c4 g6 2. Nc3 Bg7 3. d4 c5 4. d5 Bxc3+ 5. bxc3 f5 6. Nh3 Qa5 7. e3 Nf6 8. Be2
d6 9. O-O Nbd7 10. f3 Ne5 11. a4 Bd7 12. Qc2 b5 13. cxb5 Nxd5 14. c4 Qc3 15.
Qb2 Qxb2 16. Bxb2 Nxe3 17. f4 Nxf1 18. fxe5 Nd2 19. Rd1 Ne4 20. e6 Rf8 21.
exd7+ Kxd7 22. a5 Rae8 23. Bf3 Kc8 24. Nf2 Nxf2 25. Kxf2 Kc7 26. a6 f4 27. Bc3
Rf5 28. Ba5+ Kb8 29. b6 e5 30. Rxd6 Rff8 31. Rd7 axb6 32. a7+ Kc8 33. Bc6 1-0

[Event "4NCL-9899A HH-BCM"]
[Site "Rd7-Birmingham"]
[Date "1999.03.20"]
[Round "7.3"]
[White "Chan, Nevil"]
[Black "Bellin, Robert"]
[Result "0-1"]
[WhiteElo "2000"]
[BlackElo "2360"]
[PlyCount "52"]
[EventDate "1999.03.20"]

1. d4 e6 2. Nc3 d5 3. Nf3 Nf6 4. Bg5 Be7 5. e3 Nbd7 6. Bd3 c5 7. O-O O-O 8. Ne5
Nxe5 9. dxe5 Nd7 10. Bxe7 Qxe7 11. f4 f6 12. exf6 Nxf6 13. Qf3 Bd7 14. Rad1 c4
15. Be2 b5 16. e4 b4 17. e5 bxc3 18. exf6 Qc5+ 19. Qf2 Qxf2+ 20. Rxf2 cxb2 21.
fxg7 Rfb8 22. Rb1 c3 23. Rf3 Rc8 24. Bd3 Be8 25. Rg3 Bf7 26. Rg5 Rab8 0-1

[Event "4NCL-9899A HH-BCM"]
[Site "Rd7-Birmingham"]
[Date "1999.03.20"]
[Round "7.4"]
[White "Lyell, Mark"]
[Black "Martin, Barry"]
[Result "1-0"]
[WhiteElo "2221"]
[BlackElo "2010"]
[PlyCount "69"]
[EventDate "1999.03.20"]

1. e4 c6 2. d4 d5 3. exd5 cxd5 4. c4 e6 5. Nc3 Nf6 6. Nf3 Nc6 7. c5 a6 8. a3
Be7 9. Bd3 Qc7 10. O-O O-O 11. Re1 Bd7 12. Bg5 Qd8 13. b4 Ne8 14. Bxe7 Qxe7 15.
Nxd5 Qd8 16. Nb6 Rb8 17. Ne5 Nxe5 18. dxe5 Bc6 19. Be4 Nc7 20. Bxc6 Qxd1 21.
Raxd1 bxc6 22. Rd6 Rfd8 23. Rxc6 Nd5 24. Nxd5 Rxd5 25. Rxa6 Rbd8 26. Rd6 Kf8
27. Rxd8+ Rxd8 28. c6 Ke8 29. b5 Rc8 30. Rd1 Rd8 31. Rxd8+ Kxd8 32. b6 Kc8 33.
a4 Kb8 34. a5 Kc8 35. a6 1-0

[Event "4NCL-9899A HH-BCM"]
[Site "Rd7-Birmingham"]
[Date "1999.03.20"]
[Round "7.6"]
[White "Friedgood, David"]
[Black "Chevannes, Sabrina"]
[Result "1-0"]
[WhiteElo "2240"]
[BlackElo "1304"]
[PlyCount "63"]
[EventDate "1999.03.20"]

1. c4 Nf6 2. Nc3 c6 3. e4 d5 4. exd5 cxd5 5. d4 dxc4 6. Bxc4 e6 7. Nf3 Bd6 8.
O-O O-O 9. Bg5 h6 10. Bh4 Be7 11. Re1 Re8 12. Qd3 Nc6 13. a3 Bd7 14. Rad1 Rc8
15. Ba2 a6 16. Bb1 g6 17. Ne5 Nxe5 18. dxe5 Nh7 19. Bxe7 Rxe7 20. Ne4 Rc7 21.
h4 h5 22. Nf6+ Nxf6 23. exf6 Re8 24. Qg3 Kh7 25. Re5 Kg8 26. Qg5 b6 27. Bxg6
Qxf6 28. Qxf6 fxg6 29. Qxg6+ Kf8 30. Qf6+ Kg8 31. Rg5+ Kh7 32. Qg7# 1-0

[Event "4NCL-9899A NWE-IK"]
[Site "Rd7-Birmingham"]
[Date "1999.03.20"]
[Round "7.1"]
[White "Quillan, Gary"]
[Black "Ledger, Andrew"]
[Result "1/2-1/2"]
[WhiteElo "2335"]
[BlackElo "2459"]
[PlyCount "86"]
[EventDate "1999.03.20"]

1. e4 e6 2. d4 d5 3. e5 c5 4. dxc5 Nc6 5. Nf3 Bxc5 6. Bd3 Nge7 7. Bf4 Ng6 8.
Bg3 O-O 9. O-O f5 10. exf6 Qxf6 11. Bxg6 Qxg6 12. Nc3 Qf5 13. Qd2 Bd7 14. Rae1
Rac8 15. Nb5 Qg6 16. c4 Rxf3 17. gxf3 d4 18. a3 e5 19. b4 Bf8 20. Nc3 Bh3 21.
Nd5 Qf5 22. f4 Bxf1 23. Kxf1 d3 24. Kg2 e4 25. Qe3 g6 26. Bh4 Qg4+ 27. Bg3 Qf5
28. Bh4 Qg4+ 29. Qg3 Qxg3+ 30. hxg3 Nd4 31. Rxe4 Nc2 32. Kf3 Nxa3 33. c5 a5 34.
Rd4 axb4 35. Rxd3 Bxc5 36. Nf6+ Kf7 37. Nd7 Be7 38. Ne5+ Ke6 39. Re3 Bc5 40.
Re2 Kd5 41. Rd2+ Ke6 42. Re2 Kd5 43. Rd2+ Ke6 1/2-1/2